Accelerated laboratory test of acetylated Hevea brasiliensis flakeboards (Record no. 47904)

MARC details
000 -LEADER
fixed length control field 00648nam a2200241Ia 4500
100 ## - MAIN ENTRY--AUTHOR NAME
Personal name Okino E Y A
245 #0 - TITLE STATEMENT
Title Accelerated laboratory test of acetylated Hevea brasiliensis flakeboards
260 ## - PUBLICATION, DISTRIBUTION, ETC. (IMPRINT)
Name of publisher Journal of Tropical Forest Products
Year of publication 2003
300 ## - PHYSICAL DESCRIPTION
Number of Pages 54-58
500 ## - GENERAL NOTE
General note CAB CD 2002/08-2003/10
650 ## - SUBJECT ADDED ENTRY--TOPICAL TERM
Topical Term Brazil
650 ## - SUBJECT ADDED ENTRY--TOPICAL TERM
Topical Term Decay fungi
650 ## - SUBJECT ADDED ENTRY--TOPICAL TERM
Topical Term Durability
650 ## - SUBJECT ADDED ENTRY--TOPICAL TERM
Topical Term Flakeboard
650 ## - SUBJECT ADDED ENTRY--TOPICAL TERM
Topical Term Wood density
650 ## - SUBJECT ADDED ENTRY--TOPICAL TERM
Topical Term Wood properties
700 ## - ADDED ENTRY--PERSONAL NAME
Personal name da S Alves M V
700 ## - ADDED ENTRY--PERSONAL NAME
Personal name de Sousa M E
700 ## - ADDED ENTRY--PERSONAL NAME
Personal name de Sousa M R
700 ## - ADDED ENTRY--PERSONAL NAME
Personal name Santana M A E
942 ## - ADDED ENTRY ELEMENTS (KOHA)
Koha item type Bibliography RLWO
Holdings
Withdrawn status Lost status Damaged status Not for loan Home library Current library Date acquired Serial Enumeration / chronology Koha item type
      Bibliography RRII Library RRII Library 31/12/2021 Volume 9, Issue 02-Jan Bibliography RLWO